000 00809nam a2200289Ia 4500
005 20260324130841.0
008 008 260324s9999 xx 000 0 eng d
020 _a9781003192305
037 _aEBOOK
040 _aCRL
040 _beng
040 _cCRL
041 _2eng
041 _aeng
084 _qCRL
100 _aNancy LoPatin-Lummis; Michael Partridge
_91183308
245 0 _aLives of Victorian Political Figures, Part II, Volume 2
245 0 _bDaniel O'Connell, James Bronterre O'Brien, Charles Stewart Parnell and Michael Davitt by their Contemporaries
260 _bTaylor and Francis
260 _c2007
365 _a
365 _b150
856 _uhttp://www.taylorfrancis.com/books/9781003192305
942 _cEBOOK
999 _c1779902
_d1779902